|
|
|
|
| LEADER |
00000aam a2200000 i 4500 |
| 001 |
115608 |
| 003 |
CZ ZlUTB |
| 005 |
20260506091421.0 |
| 007 |
ta |
| 008 |
230714s2023 xr a d f 000 0 cze |
| 015 |
|
|
|a cnb003533268
|
| 020 |
|
|
|a 978-80-86960-75-3
|q (vázáno)
|
| 040 |
|
|
|a BOA001
|b cze
|d OLA001
|d ABA001
|d ZLD002
|e rda
|
| 072 |
|
7 |
|a 53
|x Fyzika
|2 Konspekt
|9 6
|
| 072 |
|
7 |
|a 37.016
|x Učební osnovy. Vyučovací předměty. Učebnice
|2 Konspekt
|9 22
|
| 080 |
|
|
|a 531/534
|2 MRF
|
| 080 |
|
|
|a 53.023
|2 MRF
|
| 080 |
|
|
|a 373.5.016
|2 MRF
|
| 080 |
|
|
|a 378.016
|2 MRF
|
| 080 |
|
|
|a (035)
|2 MRF
|
| 100 |
1 |
|
|a Řasa, Jaroslav
|7 jk01110002
|4 aut
|
| 245 |
1 |
0 |
|a Přehled vzorců a pouček z mechaniky :
|b pro střední a vysoké školy technické : veličiny a jednotky, statika, kinematika, dynamika, pružnost a pevnost, hydromechanika, termomechanika /
|c J. Řasa
|
| 250 |
|
|
|a 1. vydání
|
| 264 |
|
1 |
|a Mníšek pod Brdy :
|b Scientia,
|c 2023
|
| 300 |
|
|
|a 461 stran :
|b ilustrace ;
|c 22 cm
|
| 336 |
|
|
|a text
|b txt
|2 rdacontent
|
| 337 |
|
|
|a bez média
|b n
|2 rdamedia
|
| 338 |
|
|
|a svazek
|b nc
|2 rdacarrier
|
| 504 |
|
|
|a Obsahuje bibliografii
|
| 521 |
8 |
|
|a Určeno jako základní příručka studentům středních a vysokých škol s technickým zaměřením i konstruktérům pracujícím v průmyslu
|
| 650 |
0 |
7 |
|a mechanika
|7 ph115247
|2 czenas
|
| 650 |
0 |
7 |
|a fyzikální vzorce
|7 ph137834
|2 czenas
|
| 650 |
0 |
7 |
|a učivo středních škol
|7 ph136702
|2 czenas
|
| 650 |
0 |
7 |
|a učivo vysokých škol
|7 ph136703
|2 czenas
|
| 650 |
0 |
9 |
|a mechanics
|2 eczenas
|
| 650 |
0 |
9 |
|a physical formulae
|2 eczenas
|
| 650 |
0 |
9 |
|a secondary school curriculum
|2 eczenas
|
| 650 |
0 |
9 |
|a college curriculum
|2 eczenas
|
| 655 |
|
7 |
|a příručky
|7 fd133209
|2 czenas
|
| 655 |
|
9 |
|a handbooks and manuals
|2 eczenas
|
| 710 |
2 |
|
|a Scientia (nakladatelství)
|7 kn20010724723
|4 pbl
|
| 910 |
|
|
|a ZLD002
|
| 942 |
|
|
|2 udc
|
| 952 |
|
|
|0 0
|1 0
|4 0
|6 53ŘASAJ
|7 0
|8 BOOK
|9 191036
|a UTBZL
|b UTBZL
|c 005
|d 2026-05-06
|l 0
|o 53/ŘASA,J.
|p 420010202082
|r 2026-05-06 09:15:29
|v 499.00
|w 2026-05-06
|x N:nákup
|y 01
|
| 952 |
|
|
|0 0
|1 0
|4 0
|6 53ŘASAJ
|7 0
|8 BOOK
|9 191037
|a UTBZL
|b UTBZL
|c 006
|d 2026-05-06
|l 0
|o 53/ŘASA,J.
|p 420010202083
|r 2026-05-06 09:15:52
|v 499.00
|w 2026-05-06
|x N:nákup
|y 04
|
| 992 |
|
|
|a BK
|b SKNEW
|
| 999 |
|
|
|c 115608
|d 115608
|